[Event "DEM U12/U12w 2010"]
[Site "Oberhof GER"]
[Date "2010.05.23"]
[Round "2"]
[White "Berkes, Alexander"]
[Black "Donchenko, Alexander"]
[Result "0-1"]
[Termination "normal"]
[Board "1"]
[WhiteElo "1610"]
[BlackElo "2094"]
[PlyCount "66"]
[WhiteFideId "12901636"]
[BlackFideId "24603295"]
[EventCountry "GER"]
[EventRounds "11"]
[EventType "swiss"]
[EventDate "2010.05.22"]

1. e4 c5 2. Nf3 d6 3. d3 Nc6 4. g3 g6 5. Bg2 Bg4 6. h3 Bxf3 7. Qxf3 Bg7 8. Nd2
Nf6 9. O-O O-O 10. Re1 Rb8 11. Qe2 b5 12. f4 Nd7 13. Nf1 c4 14. dxc4 Nd4 15.
Qd1 bxc4 16. c3 Ne6 17. Qa4 Qc7 18. f5 Nb6 19. Qa6 Nc5 20. Qa3 Nd3 21. Re2 Nd7
22. Be3 Rb5 23. Qxa7 Qxa7 24. Bxa7 Rxb2 25. Rxb2 Nxb2 26. Rc1 Nd3 27. Rc2 Ne1
28. Rc1 Nxg2 29. Kxg2 Ra8 30. Be3 Rxa2+ 31. Kg1 Ne5 32. Rb1 h5 33. Nh2 Re2 0-1

[Event "DEM U12/U12w 2010"]
[Site "Oberhof GER"]
[Date "2010.05.23"]
[Round "2"]
[White "Schröder, Jan-Christian"]
[Black "Röhlich, Philipp"]
[Result "1/2-1/2"]
[Termination "normal"]
[Board "2"]
[WhiteElo "1965"]
[BlackElo "1690"]
[PlyCount "66"]
[WhiteFideId "24662259"]
[BlackFideId "24692832"]
[EventCountry "GER"]
[EventRounds "11"]
[EventType "swiss"]
[EventDate "2010.05.22"]

1. e4 c5 2. Nf3 Nc6 3. d4 cxd4 4. Nxd4 g6 5. Nc3 Bg7 6. Be3 Nf6 7. Bc4 Qa5 8.
f3 Qb4 9. Ndb5 Qxc4 10. Nc7+ Kd8 11. Nxa8 d6 12. Qd3 Qxd3 13. cxd3 Nb4 14. Kd2
b6 15. Nb5 Bb7 16. Nac7 Kd7 17. a3 Nc6 18. Nd5 Nxd5 19. exd5 Na5 20. Ke2 Bxd5
21. Rac1 Nc6 22. b4 a6 23. Nc3 Be6 24. Kd2 Nd4 25. Bxd4 Bxd4 26. Rhe1 h5 27.
Re4 Be5 28. Na4 Rb8 29. Rce1 Bxh2 30. d4 d5 31. R4e2 Bf4+ 32. Kc2 Bf5+ 33. Kb2
e6 1/2-1/2

[Event "DEM U12/U12w 2010"]
[Site "Oberhof GER"]
[Date "2010.05.23"]
[Round "2"]
[White "Sabirov, Ramil"]
[Black "Bauer, Björn-Benny"]
[Result "0-1"]
[Termination "normal"]
[Board "3"]
[WhiteElo "1584"]
[BlackElo "1821"]
[PlyCount "64"]
[WhiteFideId "12900303"]
[BlackFideId "24698741"]
[EventCountry "GER"]
[EventRounds "11"]
[EventType "swiss"]
[EventDate "2010.05.22"]

1. e4 c5 2. Nf3 Nc6 3. d3 g6 4. g3 Bg7 5. Bg2 d6 6. O-O e5 7. Na3 Nge7 8. Nc4
O-O 9. Ne3 f5 10. c3 Rb8 11. Qb3+ Kh8 12. Ng5 Qe8 13. Ne6 Na5 14. Nxg7 Kxg7 15.
Qc2 b5 16. Rd1 Nac6 17. Nd5 Ng8 18. Be3 Nf6 19. Nxf6 Rxf6 20. d4 f4 21. gxf4
exf4 22. Bc1 f3 23. Bg5 fxg2 24. Bxf6+ Kxf6 25. dxc5 dxc5 26. Rd6+ Kg7 27. Rad1
Ne5 28. Kxg2 Qe7 29. Qd2 Bg4 30. f4 Nc4 31. Rd7 Bxd7 32. Qxd7 Re8 0-1

[Event "DEM U12/U12w 2010"]
[Site "Oberhof GER"]
[Date "2010.05.23"]
[Round "2"]
[White "Richter, Leonard"]
[Black "Damm, Nils"]
[Result "1/2-1/2"]
[Termination "normal"]
[Board "4"]
[WhiteElo "1816"]
[BlackElo "1639"]
[PlyCount "115"]
[WhiteFideId "12900290"]
[BlackFideId "24693065"]
[EventCountry "GER"]
[EventRounds "11"]
[EventType "swiss"]
[EventDate "2010.05.22"]

1. e4 g6 2. d4 Bg7 3. Nf3 d6 4. Be2 Bg4 5. O-O Bxf3 6. Bxf3 c6 7. Nc3 Nd7 8.
Re1 Qc7 9. Bf4 e5 10. dxe5 Bxe5 11. Bxe5 Nxe5 12. Qd4 f6 13. Rad1 Ke7 14. Be2
Nh6 15. Kh1 Rhd8 16. f4 Nef7 17. Bc4 Qb6 18. Qxb6 axb6 19. Kg1 b5 20. Bb3 b4
21. Ne2 c5 22. c3 Rdc8 23. cxb4 c4 24. Bc2 Rxa2 25. Rb1 Kf8 26. Nc3 Ra7 27. Nd5
Kg7 28. h3 g5 29. g3 Ng8 30. Re3 b5 31. Rc3 Ne7 32. b3 Nxd5 33. exd5 Nh6 34.
fxg5 fxg5 35. Bd3 Rac7 36. bxc4 bxc4 37. Rbc1 Nf7 38. Rxc4 Rxc4 39. Rxc4 Rxc4
40. Bxc4 Kf8 41. Kf2 Ke7 42. Ke3 Ne5 43. Be2 Nd7 44. h4 gxh4 45. gxh4 Nb6 46.
Kd4 h6 47. Bf3 Kd7 48. Ke4 Ke7 49. Kf5 Nd7 50. Kf4 Kf6 51. Bg4 Nb6 52. Be6 Kg6
53. Kg4 Kf6 54. Kh5 Kg7 55. b5 Kh7 56. Kg4 Kg6 57. h5+ Kf6 58. Kf4 1/2-1/2

[Event "DEM U12/U12w 2010"]
[Site "Oberhof GER"]
[Date "2010.05.23"]
[Round "2"]
[White "Kasel, Ronaldo"]
[Black "Müller, Constantin"]
[Result "0-1"]
[Termination "normal"]
[Board "5"]
[WhiteElo "1575"]
[BlackElo "1861"]
[PlyCount "82"]
[WhiteFideId "24660949"]
[BlackFideId "24697630"]
[EventCountry "GER"]
[EventRounds "11"]
[EventType "swiss"]
[EventDate "2010.05.22"]

1. Nf3 d5 2. d4 Nf6 3. c4 c6 4. Nc3 a6 5. e3 b5 6. c5 Bg4 7. Be2 Nbd7 8. O-O
Qc7 9. b4 a5 10. bxa5 Qxa5 11. Bd2 b4 12. Nb1 Ne4 13. Qb3 Nxd2 14. Nbxd2 g6 15.
h3 Bf5 16. Rac1 Bg7 17. Rfe1 O-O 18. g4 Be6 19. Nf1 Nf6 20. Ng5 Bd7 21. Ng3 h6
22. Nf3 Be6 23. Ne5 Rfc8 24. Nd3 Rcb8 25. Ne5 Qc7 26. Rb1 Ne4 27. Nxe4 dxe4 28.
Nc4 f5 29. gxf5 gxf5 30. Bf1 Ra3 31. Qb2 Rc3 32. Rec1 Rxc1 33. Qxc1 Kh8 34. Bg2
Qa7 35. Qc2 Qa6 36. Bf1 Qa7 37. Rb2 Rg8 38. Kh1 Qb8 39. a3 f4 40. Rxb4 Qc7 41.
Qxe4 Bd5 0-1

[Event "DEM U12/U12w 2010"]
[Site "Oberhof GER"]
[Date "2010.05.23"]
[Round "2"]
[White "Hirschmann, Jakob"]
[Black "Srokovskiy, Andrea"]
[Result "1-0"]
[Termination "normal"]
[Board "6"]
[WhiteElo "1770"]
[BlackElo "1726"]
[PlyCount "53"]
[WhiteFideId "24652067"]
[BlackFideId "4624947"]
[EventCountry "GER"]
[EventRounds "11"]
[EventType "swiss"]
[EventDate "2010.05.22"]

1. e4 c5 2. Nc3 e6 3. Nge2 Nc6 4. g3 d5 5. exd5 exd5 6. d4 cxd4 7. Nxd4 Nf6 8.
Bg2 Be7 9. O-O O-O 10. Bg5 h6 11. Bf4 Be6 12. Nxe6 fxe6 13. Re1 Qd7 14. Bh3 Nd8
15. Qe2 Kf7 16. Nb5 Ne8 17. Nd4 Nc7 18. Bxc7 Qxc7 19. Nxe6 Nxe6 20. Bxe6+ Ke8
21. Qh5+ Kd8 22. Qxd5+ Qd6 23. Qxb7 Rb8 24. Qe4 Kc7 25. Rad1 Qc6 26. Rd7+ Kb6
27. Rxe7 1-0

[Event "DEM U12/U12w 2010"]
[Site "Oberhof GER"]
[Date "2010.05.23"]
[Round "2"]
[White "Essler, Oskar"]
[Black "Hamid, Emran"]
[Result "0-1"]
[Termination "normal"]
[Board "7"]
[WhiteElo "1568"]
[BlackElo "1700"]
[PlyCount "116"]
[WhiteFideId "12918024"]
[BlackFideId "12903566"]
[EventCountry "GER"]
[EventRounds "11"]
[EventType "swiss"]
[EventDate "2010.05.22"]

1. e4 e5 2. f4 Bc5 3. Nf3 d6 4. Bc4 Nf6 5. Nc3 Nc6 6. f5 Bd7 7. d3 h6 8. h3 Qe7
9. Qe2 Nd4 10. Nxd4 Bxd4 11. Nb5 Bxb5 12. Bxb5+ c6 13. Bc4 Nd7 14. g3 a5 15. c3
Bc5 16. Be3 a4 17. d4 exd4 18. Bxd4 Bxd4 19. cxd4 O-O 20. h4 Rfe8 21. Bd3 Nf6
22. Kd1 Nxe4 23. Re1 d5 24. Bxe4 Qxe4 25. Qxe4 dxe4 26. Kc2 Ra5 27. g4 h5 28.
Rg1 hxg4 29. f6 g6 30. Rxg4 Rf5 31. Re1 Rf2+ 32. Kc3 e3 33. Rg3 e2 34. Kd2 Rxf6
35. Rxe2 Rxe2+ 36. Kxe2 Kh7 37. Ra3 b5 38. Ke3 Kh6 39. Rd3 Rd6 40. Kf4 f6 41.
b3 axb3 42. axb3 Kh5 43. Rd2 Rd5 44. b4 Rf5+ 45. Kg3 g5 46. hxg5 fxg5 47. Rh2+
Kg6 48. Rc2 Rf6 49. Rc5 Rd6 50. d5 cxd5 51. Rxb5 d4 52. Rc5 d3 53. Rc1 d2 54.
Rd1 Kf5 55. b5 Ke4 56. b6 Kd3 57. Rb1 Rd8 58. b7 Rb8 0-1

[Event "DEM U12/U12w 2010"]
[Site "Oberhof GER"]
[Date "2010.05.23"]
[Round "2"]
[White "Peters, Tom"]
[Black "Bluhm, Sonja Maria"]
[Result "0-1"]
[Termination "normal"]
[Board "8"]
[WhiteElo "1551"]
[BlackElo "1709"]
[PlyCount "86"]
[WhiteFideId "24694444"]
[BlackFideId "24654027"]
[EventCountry "GER"]
[EventRounds "11"]
[EventType "swiss"]
[EventDate "2010.05.22"]

1. e4 e5 2. Nf3 Nc6 3. Bc4 Nf6 4. d3 Bc5 5. c3 d6 6. O-O a6 7. Bb3 Ba7 8. Be3
h6 9. Nbd2 O-O 10. Re1 Ne7 11. Bxa7 Rxa7 12. d4 Ng6 13. Nc4 Qe8 14. a4 Ra8 15.
Qc2 Kh8 16. Rad1 Bg4 17. Re3 Nh5 18. h3 Bc8 19. dxe5 dxe5 20. Ncxe5 Nxe5 21.
Nxe5 Nf4 22. Nxf7+ Rxf7 23. Bxf7 Qxf7 24. Rd8+ Kh7 25. Kh2 Ng6 26. g3 Qe6 27.
g4 Qe7 28. Rd5 Be6 29. Rd4 Qh4 30. e5 Rf8 31. Re2 Rf3 32. b4 Rxh3+ 33. Kg2 Rh2+
34. Kf3 Qh3+ 35. Ke4 Qxg4+ 36. Kd3 Bf5+ 37. Kc4 Qxd4+ 38. cxd4 Bxc2 39. Rxc2
Rh4 40. Rd2 Nxe5+ 41. Kd5 Nc6 42. b5 axb5 43. axb5 Rxd4+ 0-1

[Event "DEM U12/U12w 2010"]
[Site "Oberhof GER"]
[Date "2010.05.23"]
[Round "2"]
[White "Rempe, Moritz"]
[Black "Brandl, Lea"]
[Result "1-0"]
[Termination "normal"]
[Board "9"]
[WhiteElo "1631"]
[BlackElo "1529"]
[PlyCount "39"]
[WhiteFideId "12906867"]
[BlackFideId "24693049"]
[EventCountry "GER"]
[EventRounds "11"]
[EventType "swiss"]
[EventDate "2010.05.22"]

1. e4 c5 2. Nf3 d6 3. Bb5+ Bd7 4. Bxd7+ Nxd7 5. d4 cxd4 6. Nxd4 Ngf6 7. Nc3 a6
8. Be3 e6 9. O-O Be7 10. Rc1 O-O 11. f4 Qc7 12. g4 e5 13. Nf5 Nc5 14. Qf3 b5
15. g5 Nfxe4 16. Nxe4 Nxe4 17. Qxe4 Qd7 18. fxe5 Rfe8 19. exd6 Bxd6 20. Qd4 1-0

[Event "DEM U12/U12w 2010"]
[Site "Oberhof GER"]
[Date "2010.05.23"]
[Round "2"]
[White "Klöckner, Connor"]
[Black "Mager, Denis"]
[Result "0-1"]
[Termination "normal"]
[Board "10"]
[WhiteElo "1543"]
[BlackElo "1538"]
[PlyCount "104"]
[BlackFideId "24691127"]
[EventCountry "GER"]
[EventRounds "11"]
[EventType "swiss"]
[EventDate "2010.05.22"]

1. d4 Nf6 2. Nf3 d5 3. e3 Bg4 4. Bd3 e6 5. Nbd2 c5 6. c3 Nc6 7. O-O Bd6 8. Re1
cxd4 9. exd4 O-O 10. h3 Bh5 11. Qc2 Bg6 12. Bxg6 hxg6 13. Nf1 Rc8 14. Qd3 Qc7
15. Ng5 e5 16. dxe5 Nxe5 17. Qd1 Rcd8 18. Ne3 Bc5 19. Nf3 Nxf3+ 20. Qxf3 d4 21.
cxd4 Bxd4 22. Rb1 Qa5 23. Nc2 b6 24. Qf4 Qxa2 25. Ra1 Qc4 26. Nxd4 Rxd4 27. Qf3
a5 28. Be3 Rd6 29. Rac1 Qb5 30. Qe2 Qxe2 31. Rxe2 Nd5 32. Rd2 Rfd8 33. Rcd1 b5
34. Bc5 R6d7 35. Kf1 f5 36. Be7 Rxe7 37. Rxd5 Rxd5 38. Rxd5 Rb7 39. Ke2 Kf7 40.
Kd3 Ke6 41. Kd4 a4 42. Rc5 Kd6 43. Rd5+ Kc6 44. Re5 Rd7+ 45. Kc3 Rd6 46. Re7
Kc5 47. Rxg7 b4+ 48. Kc2 Kd4 49. Ra7 b3+ 50. Kc1 Rc6+ 51. Kb1 Kd3 52. Rxa4 Re6
0-1

[Event "DEM U12/U12w 2010"]
[Site "Oberhof GER"]
[Date "2010.05.23"]
[Round "2"]
[White "Flüchter, Gregor"]
[Black "Schwarz, Larissa"]
[Result "1-0"]
[Termination "normal"]
[Board "11"]
[WhiteElo "1721"]
[BlackElo "1526"]
[PlyCount "65"]
[WhiteFideId "12903396"]
[BlackFideId "24699004"]
[EventCountry "GER"]
[EventRounds "11"]
[EventType "swiss"]
[EventDate "2010.05.22"]

1. e4 c5 2. c3 d5 3. exd5 Qxd5 4. Nf3 e6 5. Be2 Nf6 6. O-O Nc6 7. d4 cxd4 8.
Nxd4 Nxd4 9. cxd4 Be7 10. Nc3 Qd8 11. Bf4 Bd6 12. Bb5+ Ke7 13. Bg5 Bb4 14. Ne4
Qd5 15. Qd3 Bd7 16. Bxd7 Qxd7 17. Rad1 Rad8 18. Qf3 Qd5 19. Bxf6+ gxf6 20.
Qxf6+ Kd7 21. Qxh8 Qxe4 22. Qf6 Qg6 23. Qxg6 hxg6 24. d5 Ke7 25. dxe6 Rxd1 26.
Rxd1 Kxe6 27. Rc1 Kd7 28. Rd1+ Ke7 29. Rd4 Bc5 30. Rd3 Bd6 31. Kf1 Be5 32. b3
b6 33. Ke2 1-0

[Event "DEM U12/U12w 2010"]
[Site "Oberhof GER"]
[Date "2010.05.23"]
[Round "2"]
[White "Schnepper, Pauline"]
[Black "Walter, Kevin"]
[Result "0-1"]
[Termination "normal"]
[Board "12"]
[WhiteElo "1536"]
[BlackElo "1777"]
[PlyCount "90"]
[WhiteFideId "12918040"]
[BlackFideId "12906654"]
[EventCountry "GER"]
[EventRounds "11"]
[EventType "swiss"]
[EventDate "2010.05.22"]

1. e4 c5 2. Nf3 d6 3. Bb5+ Bd7 4. Bxd7+ Qxd7 5. O-O Nf6 6. d3 Nc6 7. Re1 e6 8.
Bg5 Be7 9. Nc3 O-O 10. e5 dxe5 11. Nxe5 Nxe5 12. Rxe5 Rac8 13. Qe2 Rfd8 14. Rb1
Qc7 15. b3 Rd7 16. h3 Qc6 17. Rd1 b5 18. Re3 Nd5 19. Nxd5 Bxg5 20. Nc3 Bxe3 21.
Qxe3 Rcd8 22. Ne4 c4 23. Rd2 cxd3 24. Rxd3 Rxd3 25. cxd3 h6 26. Ng3 Qc2 27.
Qxa7 Qxd3 28. Qb6 Ra8 29. a4 bxa4 30. bxa4 Qa6 31. Qc7 Qxa4 32. Qe5 Qa1+ 33.
Qxa1 Rxa1+ 34. Nf1 Kh7 35. g3 Kg6 36. Kg2 Rxf1 37. Kxf1 Kf5 38. Ke2 Ke4 39. h4
h5 40. f3+ Kd4 41. Kd2 e5 42. Ke2 f5 43. Kd2 e4 44. Ke2 e3 45. g4 hxg4 0-1

[Event "DEM U12/U12w 2010"]
[Site "Oberhof GER"]
[Date "2010.05.23"]
[Round "2"]
[White "Mann, Johannes"]
[Black "Scheinhütte, Jakob"]
[Result "1-0"]
[Termination "normal"]
[Board "13"]
[WhiteElo "1657"]
[BlackElo "1582"]
[PlyCount "47"]
[WhiteFideId "24691380"]
[BlackFideId "24693944"]
[EventCountry "GER"]
[EventRounds "11"]
[EventType "swiss"]
[EventDate "2010.05.22"]

1. e4 e6 2. Nc3 d5 3. d4 Bb4 4. e5 c5 5. a3 Bxc3+ 6. bxc3 Nc6 7. Qg4 Nge7 8.
Qxg7 Rg8 9. Qxh7 cxd4 10. Ne2 Bd7 11. cxd4 Rc8 12. Bd2 Qb6 13. c3 Na5 14. Ng3
Ba4 15. Rb1 Qc7 16. Nh5 Rf8 17. Bb5+ Bxb5 18. Rxb5 Nc4 19. Bh6 Nxe5 20. Rc5
N5c6 21. Bxf8 Kxf8 22. Qg7+ Ke8 23. Nf6+ Kd8 24. Qf8# 1-0

[Event "DEM U12/U12w 2010"]
[Site "Oberhof GER"]
[Date "2010.05.23"]
[Round "2"]
[White "Angrick, Philipp"]
[Black "Bentel, Robin"]
[Result "1/2-1/2"]
[Termination "normal"]
[Board "14"]
[WhiteElo "1528"]
[BlackElo "1642"]
[PlyCount "95"]
[WhiteFideId "12912298"]
[BlackFideId "12918016"]
[EventCountry "GER"]
[EventRounds "11"]
[EventType "swiss"]
[EventDate "2010.05.22"]

1. e4 Nf6 2. e5 Nd5 3. c4 Nb6 4. d4 d6 5. f4 dxe5 6. fxe5 c5 7. d5 Bf5 8. Bd3
Bxd3 9. Qxd3 e6 10. d6 Qh4+ 11. g3 Qxc4 12. Qxc4 Nxc4 13. Nf3 Nd7 14. Bf4 Nxb2
15. Ke2 Na4 16. Rc1 Rc8 17. Nbd2 h6 18. Rab1 Rb8 19. Nc4 g5 20. Be3 Bg7 21. h3
O-O 22. g4 b5 23. Na5 Rfc8 24. h4 Nxe5 25. hxg5 Nxg4 26. d7 Rd8 27. Nc6 Nc3+
28. Rxc3 Bxc3 29. Bxc5 Ba5 30. Be7 Rxd7 31. Nxb8 Rxe7 32. Nc6 Rc7 33. Nxa5 Rc2+
34. Nd2 a6 35. gxh6 Rxa2 36. Nab3 Nxh6 37. Kd3 Nf5 38. Ne4 Kf8 39. Nbc5 a5 40.
Nd2 b4 41. Nc4 Ke7 42. Nb7 f6 43. Nbxa5 Nd6 44. Nc6+ Kd7 45. Nxb4 Rh2 46. Nb6+
Kc7 47. N4d5+ exd5 48. Nxd5+ 1/2-1/2

[Event "DEM U12/U12w 2010"]
[Site "Oberhof GER"]
[Date "2010.05.23"]
[Round "2"]
[White "Schmekel, Florian"]
[Black "Perske, Thore"]
[Result "0-1"]
[Termination "normal"]
[Board "16"]
[WhiteElo "1523"]
[BlackElo "1659"]
[PlyCount "24"]
[WhiteFideId "12913456"]
[BlackFideId "12902195"]
[EventCountry "GER"]
[EventRounds "11"]
[EventType "swiss"]
[EventDate "2010.05.22"]

1. d4 Nf6 2. c4 g6 3. Nc3 Bg7 4. e4 d6 5. f3 O-O 6. Be3 Nc6 7. Bd3 e5 8. Nge2
Nh5 9. d5 Nd4 10. g4 Nxf3+ 11. Kf1 Bxg4 12. Bf2 Bh3# 0-1

[Event "DEM U12/U12w 2010"]
[Site "Oberhof GER"]
[Date "2010.05.23"]
[Round "2"]
[White "Bach, Jannik"]
[Black "Altstadt, Karl-Simon"]
[Result "1-0"]
[Termination "normal"]
[Board "17"]
[WhiteElo "1680"]
[BlackElo "1401"]
[PlyCount "79"]
[WhiteFideId "24615900"]
[BlackFideId "24696676"]
[EventCountry "GER"]
[EventRounds "11"]
[EventType "swiss"]
[EventDate "2010.05.22"]

1. e4 d6 2. d4 Nf6 3. f3 g6 4. c4 Bg7 5. Nc3 Nbd7 6. Be3 c6 7. Bd3 e5 8. d5 c5
9. Nge2 O-O 10. O-O a6 11. a3 Ne8 12. Qd2 Ndf6 13. b4 cxb4 14. axb4 Nc7 15. Na4
Nd7 16. c5 Nxd5 17. exd5 e4 18. fxe4 Bxa1 19. Rxa1 dxc5 20. bxc5 Ne5 21. Nb6
Rb8 22. Bf4 f6 23. Qc3 Re8 24. Qd4 Bg4 25. Nc3 Nc6 26. Qf2 Ne5 27. Bc4 Kh8 28.
Rf1 Kg7 29. Qg3 h5 30. d6 g5 31. Bxe5 Rxe5 32. Bd5 Qe8 33. Nc4 Rxd5 34. exd5
Rc8 35. Qf2 f5 36. h3 Bxh3 37. gxh3 f4 38. Qd4+ Kh6 39. Qf6+ Kh7 40. Qe7+ 1-0

[Event "DEM U12/U12w 2010"]
[Site "Oberhof GER"]
[Date "2010.05.23"]
[Round "2"]
[White "Pfreundt, Jakob"]
[Black "Kollars, Dmitrij"]
[Result "0-1"]
[Termination "normal"]
[Board "19"]
[WhiteElo "1297"]
[BlackElo "1611"]
[PlyCount "84"]
[WhiteFideId "12918156"]
[BlackFideId "12909572"]
[EventCountry "GER"]
[EventRounds "11"]
[EventType "swiss"]
[EventDate "2010.05.22"]

1. d4 Nf6 2. c4 d6 3. Nc3 e5 4. Nf3 Nbd7 5. g3 g6 6. Bg2 Bg7 7. d5 O-O 8. O-O
Nh5 9. e4 a5 10. Bg5 f6 11. Be3 Nc5 12. Nh4 Bd7 13. Nf5 gxf5 14. Qxh5 fxe4 15.
Nxe4 Nxe4 16. Bxe4 f5 17. Bc2 Be8 18. Qh3 Bg6 19. f4 e4 20. Rab1 Rf7 21. a3 c6
22. dxc6 bxc6 23. Rfd1 Rd7 24. Bd4 d5 25. Bb3 Bxd4+ 26. Rxd4 Qb6 27. Rbd1 Qxb3
28. a4 Rad8 29. Qh4 Qe3+ 30. Kh1 Qf3+ 31. Kg1 Qe3+ 32. Kh1 Qf3+ 33. Kg1 Qh5 34.
Qf6 Rd6 35. Qe7 R8d7 36. Qe5 Bf7 37. c5 Rh6 38. Qb8+ Be8 39. Kf1 e3 40. R1d3
Qf3+ 41. Ke1 Qf2+ 42. Kd1 e2+ 0-1

[Event "DEM U12/U12w 2010"]
[Site "Oberhof GER"]
[Date "2010.05.23"]
[Round "2"]
[White "Bardosch, Karl"]
[Black "Sawlin, Leonid"]
[Result "0-1"]
[Termination "normal"]
[Board "20"]
[WhiteElo "1450"]
[BlackElo "1865"]
[PlyCount "50"]
[WhiteFideId "24696480"]
[BlackFideId "4689542"]
[EventCountry "GER"]
[EventRounds "11"]
[EventType "swiss"]
[EventDate "2010.05.22"]

1. e4 e6 2. d4 d5 3. exd5 exd5 4. Bd3 Nc6 5. Ne2 Bd6 6. c3 Nge7 7. Bf4 Bg4 8.
f3 Bh5 9. Qc2 Bg6 10. Bxg6 hxg6 11. Nd2 Bxf4 12. Nxf4 Qd6 13. Nh3 Qe6+ 14. Kf2
O-O-O 15. Rae1 Qf6 16. Rhf1 Nf5 17. Re2 Rde8 18. Rfe1 Qh4+ 19. Kg1 Qxe1+ 20.
Rxe1 Rxe1+ 21. Kf2 Rhe8 22. Nb3 Rf1+ 23. Kxf1 Ne3+ 24. Ke2 Nxc2+ 25. Kd2 Ne3
0-1

[Event "DEM U12/U12w 2010"]
[Site "Oberhof GER"]
[Date "2010.05.23"]
[Round "2"]
[White "Xiong, Ferdinand"]
[Black "Knorre, Jonas"]
[Result "1-0"]
[Termination "normal"]
[Board "21"]
[WhiteElo "1901"]
[BlackElo "1733"]
[PlyCount "59"]
[WhiteFideId "24654132"]
[BlackFideId "24696900"]
[EventCountry "GER"]
[EventRounds "11"]
[EventType "swiss"]
[EventDate "2010.05.22"]

1. e4 c5 2. Nf3 Nc6 3. d4 cxd4 4. Nxd4 g6 5. Nc3 Bg7 6. Be3 Nf6 7. Bc4 Qa5 8.
O-O O-O 9. Bb3 d6 10. f3 Bd7 11. Kh1 Rac8 12. f4 Nxd4 13. Bxd4 Bc6 14. Qe1 b6
15. Qe2 Rfe8 16. a3 e5 17. fxe5 dxe5 18. Bxf7+ Kxf7 19. b4 exd4 20. bxa5 dxc3
21. Qa6 bxa5 22. Qxa7+ Kg8 23. Qxa5 Bxe4 24. Rae1 Red8 25. Qa6 Bxc2 26. Qe6+
Kh8 27. Rxf6 Bxf6 28. Qxf6+ Kg8 29. h3 Bb3 30. Re7 1-0

[Event "DEM U12/U12w 2010"]
[Site "Oberhof GER"]
[Date "2010.05.23"]
[Round "2"]
[White "Gheng, Christian"]
[Black "Grigorian, Spartak"]
[Result "0-1"]
[Termination "normal"]
[Board "22"]
[WhiteElo "1574"]
[BlackElo "1800"]
[PlyCount "58"]
[WhiteFideId "24660345"]
[BlackFideId "24661490"]
[EventCountry "GER"]
[EventRounds "11"]
[EventType "swiss"]
[EventDate "2010.05.22"]

1. e4 c5 2. Nf3 d6 3. d4 Nf6 4. Nc3 cxd4 5. Nxd4 Nc6 6. Be3 Ng4 7. Bd2 Nxd4 8.
Bg5 Nc6 9. Bc4 Nge5 10. Bb3 h6 11. Bf4 e6 12. Qd2 Be7 13. O-O-O a6 14. Bg3 O-O
15. f4 Ng6 16. h4 Nxh4 17. Bxh4 Bxh4 18. Kb1 Bf6 19. g4 Re8 20. g5 hxg5 21. Qh2
g6 22. Qh7+ Kf8 23. e5 Bg7 24. Rxd6 Qe7 25. Rd2 gxf4 26. Rdh2 Qg5 27. Re1 f3
28. Qh3 Qf5 29. Qg3 Bxe5 0-1

[Event "DEM U12/U12w 2010"]
[Site "Oberhof GER"]
[Date "2010.05.23"]
[Round "2"]
[White "Baskin, Robert"]
[Black "Zahn, Alina"]
[Result "1/2-1/2"]
[Termination "normal"]
[Board "23"]
[WhiteElo "1828"]
[BlackElo "1550"]
[PlyCount "83"]
[WhiteFideId "24662402"]
[BlackFideId "24696730"]
[EventCountry "GER"]
[EventRounds "11"]
[EventType "swiss"]
[EventDate "2010.05.22"]

1. e4 e5 2. Nf3 Nc6 3. Bb5 a6 4. Ba4 Nf6 5. d3 b5 6. Bb3 Be7 7. O-O O-O 8. c3
d6 9. Re1 Na5 10. Bc2 c5 11. h3 Qc7 12. d4 h6 13. Nbd2 Re8 14. Nf1 Be6 15. d5
Bd7 16. Ng3 c4 17. Bd2 Nb7 18. Qe2 Nc5 19. b4 Nb7 20. a4 Bf8 21. Ra3 Reb8 22.
Rea1 Qc8 23. Qd1 Ne8 24. Nh2 Nc7 25. f4 a5 26. f5 Qe8 27. f6 g6 28. Ng4 Kh7 29.
Qc1 h5 30. Nh2 axb4 31. cxb4 bxa4 32. Nf3 Bb5 33. Qd1 Qd8 34. Ng5+ Kg8 35. Nxh5
Ne8 36. Rg3 Nxf6 37. Qf3 Bg7 38. Nxg7 Kxg7 39. h4 Qe7 40. Kf2 Rh8 41. Rh3 Nh7
42. Qg4 1/2-1/2

[Event "DEM U12/U12w 2010"]
[Site "Oberhof GER"]
[Date "2010.05.23"]
[Round "2"]
[White "Engert, Marvin"]
[Black "Böhm, Jana"]
[Result "1-0"]
[Termination "normal"]
[Board "24"]
[WhiteElo "1612"]
[BlackElo "1298"]
[PlyCount "55"]
[WhiteFideId "12901164"]
[BlackFideId "24661589"]
[EventCountry "GER"]
[EventRounds "11"]
[EventType "swiss"]
[EventDate "2010.05.22"]

1. e4 e6 2. d4 d5 3. Nd2 Nf6 4. e5 Nfd7 5. Bd3 c5 6. c3 Nc6 7. Ne2 Be7 8. Nf3
cxd4 9. cxd4 Qb6 10. O-O O-O 11. Nf4 Nb4 12. Bb1 f6 13. a3 Na6 14. exf6 Nxf6
15. Qd3 Bd7 16. Re1 Ne4 17. Qe3 Ng5 18. Nxg5 Bxg5 19. Qd3 Bxf4 20. Qxh7+ Kf7
21. Bxf4 Qxd4 22. Bg5 e5 23. Qh5+ Ke6 24. Qg6+ Rf6 25. Bxf6 gxf6 26. Bf5+ Ke7
27. Qg7+ Kd6 28. Qxd7+ 1-0

[Event "DEM U12/U12w 2010"]
[Site "Oberhof GER"]
[Date "2010.05.23"]
[Round "2"]
[White "Weis, Olga"]
[Black "Bilchinski, Anton"]
[Result "0-1"]
[Termination "normal"]
[Board "25"]
[WhiteElo "1153"]
[BlackElo "1727"]
[PlyCount "60"]
[WhiteFideId "1270234"]
[BlackFideId "24615765"]
[EventCountry "GER"]
[EventRounds "11"]
[EventType "swiss"]
[EventDate "2010.05.22"]

1. e4 e5 2. Nf3 d6 3. Nc3 Nf6 4. d4 exd4 5. Nxd4 Be7 6. Bf4 O-O 7. Qd2 Nc6 8.
O-O-O Nxd4 9. Qxd4 Be6 10. f3 Nd7 11. g4 Bf6 12. Qd2 Ne5 13. Bxe5 dxe5 14. Qg2
Qe7 15. Bd3 c6 16. Rhg1 h6 17. a3 b5 18. Ne2 Bg5+ 19. Kb1 b4 20. axb4 Qxb4 21.
c3 Qb3 22. Nc1 Qb6 23. Qc2 a5 24. Rh1 a4 25. h4 Bf4 26. c4 Rfb8 27. Rde1 a3 28.
Re2 Bxc1 29. Rxc1 axb2 30. Qxb2 Qd4 0-1

[Event "DEM U12/U12w 2010"]
[Site "Oberhof GER"]
[Date "2010.05.23"]
[Round "2"]
[White "Paulsen, Alexej"]
[Black "Blösch, Christoph"]
[Result "1-0"]
[Termination "normal"]
[Board "26"]
[WhiteElo "1549"]
[BlackElo "1332"]
[PlyCount "113"]
[WhiteFideId "24662372"]
[BlackFideId "12918121"]
[EventCountry "GER"]
[EventRounds "11"]
[EventType "swiss"]
[EventDate "2010.05.22"]

1. d4 d5 2. c4 e6 3. Nc3 Nf6 4. e3 Nbd7 5. Nf3 b6 6. Be2 Bd6 7. O-O O-O 8. b3
Bb7 9. Bb2 c5 10. Rc1 Rc8 11. Nb5 Be7 12. a4 a6 13. Nc3 Qc7 14. Qc2 Bd6 15. h3
Ne8 16. Ng5 Nef6 17. dxc5 Bxc5 18. cxd5 exd5 19. Bg4 h6 20. Nxd5 Bxd5 21. Bxd7
Qxd7 22. Bxf6 hxg5 23. Bxg5 Qc6 24. b4 Bxg2 25. bxc5 Bxh3 26. f3 Bxf1 27. Rxf1
Qxc5 28. Qg2 Rc6 29. Kh2 Rg6 30. f4 f6 31. Qa2+ Rf7 32. Rd1 Qc8 33. Qb1 f5 34.
Rd8+ Qxd8 35. Bxd8 Rd6 36. Bxb6 Rff6 37. Bd4 Rh6+ 38. Kg3 Rdg6+ 39. Kf3 Rh2 40.
Qxf5 Rhg2 41. Qc8+ Kf7 42. Qd7+ Kg8 43. Qh3 Ra2 44. Qc8+ Kh7 45. Qc4 Rag2 46.
Ke4 R2g4 47. Qd5 Rh4 48. Kd3 Rh3 49. f5 Rg5 50. Qf7 Rf3 51. Ke4 Rf2 52. Be5 Rf1
53. Bf4 Rg2 54. f6 Ra1 55. Qh5+ Kg8 56. f7+ Kf8 57. Bd6# 1-0